000 00611cab a2200217 4500
001 X1961
008 090401t1995 xxu||||| |||| 00| 0 eng d
035 _a(Sirsi) u20647
041 _aeng
245 _aFinal certificate under JCT contract
260 _c1995
350 _a0
490 _aCSM (Chartered Surveyor Monthly)
_v4(4) February 1995, 10(1)
650 _aCROWN ESTATE COMMISSIONERS V JOHN MOWLEM AND CO LTD
650 _aFINAL CERTIFICATE
650 _aJCT
650 _aJOINT CONTRACTS TRIBUNAL
690 _aBUILT ENVIRONMENT-BUILDING CONTRACT FORMS
942 _n0
948 _c04/03/1997
999 _c13830
_d13830